Jak žít a vyhnout se syndromu vyhoření /
Populárně-naučná publikace se snaží najít cestu k duševnímu zdraví a poskytuje rady, jak se vyhnout syndromu vyhoření.
Uloženo v:
| Hlavní autor: | |
|---|---|
| Další autoři: | |
| Médium: | E-audiokniha |
| Jazyk: | Czech |
| Vydáno: |
Praha :
Vyšehrad,
[2019]
|
| Témata: | |
| Tagy: |
Žádné tagy |
| LEADER | 04900nim a2200925 i 4500 | ||
|---|---|---|---|
| 001 | 313032 | ||
| 003 | CZ PrSKC | ||
| 005 | 20260601215734.0 | ||
| 007 | sd fungnnmmned | ||
| 008 | 190927t20192019xr nnnng z n cze | ||
| 015 | |a cnb003135697 | ||
| 024 | 3 | |a 8594050428133 | |
| 040 | |a ABA001 |b cze |e rda | ||
| 072 | 7 | |a 159.93/.94 |x Senzorické a motorické funkce. Emoce. Vůle |2 Konspekt | |
| 080 | |a 159.944.4 |2 MRF | ||
| 080 | |a 159.942 |2 MRF | ||
| 080 | |a 159.913 |2 MRF | ||
| 080 | |a 613.86 |2 MRF | ||
| 080 | |a 17.02 |2 MRF | ||
| 080 | |a (0.062) |2 MRF | ||
| 080 | |a (086.7)08 |2 MRF | ||
| 080 | |a (086.76) |2 MRF | ||
| 100 | 1 | |a Honzák, Radkin, |d 1939- |7 jn19990209257 |4 aut | |
| 245 | 1 | 0 | |a Jak žít a vyhnout se syndromu vyhoření / |c Radkin Honzák |
| 264 | 1 | |a Praha : |b Vyšehrad, |c [2019] | |
| 264 | 4 | |c ©2019 | |
| 300 | |a 1 audiodisk (8 hod., 30 min.) ; |c 12 cm | ||
| 306 | |a 083000 | ||
| 336 | |a mluvené slovo |b spw |2 rdacontent | ||
| 337 | |a audio |b s |2 rdamedia | ||
| 338 | |a audiodisk |b sd |2 rdacarrier | ||
| 344 | |a digital |b optical |2 rda | ||
| 347 | |a audio soubor |b MP3 |2 rda | ||
| 500 | |a Název z disku | ||
| 500 | |a Copyright Albatros Media | ||
| 500 | |a Podle stejnojmenné knihy vydané nakladatelstvím Vyšehrad v roce 2018 | ||
| 500 | |a Nezkrácená audiokniha ve formátu MP3 | ||
| 511 | 0 | |a Čte Matin Preiss | |
| 520 | 2 | |a Populárně-naučná publikace se snaží najít cestu k duševnímu zdraví a poskytuje rady, jak se vyhnout syndromu vyhoření. |b Syndrom vyhoření (burnout) je definován jako stav naprostého fyzického a psychického vyčerpání, který s sebou nese vážné zdravotní důsledky. Navíc do tohoto stavu se dostávají lidé, kteří se snažili pracovat a žít s plným nasazením, neboť - jak říká autor: "Kdo vyhořel, musel předtím hořet." Proto se autor, renomovaný český psychiatr, zaměřuje na to, jak projít životem radostněji a bez zbytečných chyb. Kniha popisuje syndrom vyhoření, jak vzniká, co se na něm podílí, ale především se snaží najít cestu, jak se mu vyhnout. | |
| 650 | 0 | 7 | |a syndrom vyhoření |7 ph116370 |2 czenas |
| 650 | 0 | 7 | |a emoce |7 ph114465 |2 czenas |
| 650 | 0 | 7 | |a psychohygiena |7 ph115945 |2 czenas |
| 650 | 0 | 7 | |a zvládání stresu |7 ph135858 |2 czenas |
| 650 | 0 | 7 | |a životní harmonie |7 ph138147 |2 czenas |
| 655 | 7 | |a populárně-naučné publikace |7 fd131864 |2 czenas | |
| 655 | 7 | |a audioknihy |7 fd119452 |2 czenas | |
| 655 | 7 | |a kompaktní disky |7 fd201991 |2 czenas | |
| 700 | 1 | |a Preiss, Martin, |d 1973- |7 jn20000402050 |4 nrt | |
| 900 | |a ABA001 |b 18 | ||
| 044 | |a xr | ||
| 505 | 0 | 0 | |t Jak zit a vyhnout se syndromu vyhoreni (10 min., 16 sek.) |
| 505 | 0 | 0 | |t Jak zit a vyhnout se syndromu vyhoreni (6 min., 1 sek.) |
| 505 | 0 | 0 | |t Jak zit a vyhnout se syndromu vyhoreni (22 min., 48 sek.) |
| 505 | 0 | 0 | |t Jak zit a vyhnout se syndromu vyhoreni (12 min., 8 sek.) |
| 505 | 0 | 0 | |t Jak zit a vyhnout se syndromu vyhoreni (11 min., 33 sek.) |
| 505 | 0 | 0 | |t Jak zit a vyhnout se syndromu vyhoreni (15 min., 53 sek.) |
| 505 | 0 | 0 | |t Jak zit a vyhnout se syndromu vyhoreni (18 min., 52 sek.) |
| 505 | 0 | 0 | |t Jak zit a vyhnout se syndromu vyhoreni (18 min., 43 sek.) |
| 505 | 0 | 0 | |t Jak zit a vyhnout se syndromu vyhoreni (18 min., 54 sek.) |
| 505 | 0 | 0 | |t Jak zit a vyhnout se syndromu vyhoreni (30 min., 20 sek.) |
| 505 | 0 | 0 | |t Jak zit a vyhnout se syndromu vyhoreni (30 min., 53 sek.) |
| 505 | 0 | 0 | |t Jak zit a vyhnout se syndromu vyhoreni (31 min., 12 sek.) |
| 505 | 0 | 0 | |t Jak zit a vyhnout se syndromu vyhoreni (18 min., 13 sek.) |
| 505 | 0 | 0 | |t Jak zit a vyhnout se syndromu vyhoreni (18 min., 4 sek.) |
| 505 | 0 | 0 | |t Jak zit a vyhnout se syndromu vyhoreni (26 min., 26 sek.) |
| 505 | 0 | 0 | |t Jak zit a vyhnout se syndromu vyhoreni (27 min., 7 sek.) |
| 505 | 0 | 0 | |t Jak zit a vyhnout se syndromu vyhoreni (30 min., 6 sek.) |
| 505 | 0 | 0 | |t Jak zit a vyhnout se syndromu vyhoreni (22 min., 25 sek.) |
| 505 | 0 | 0 | |t Jak zit a vyhnout se syndromu vyhoreni (26 min., 55 sek.) |
| 505 | 0 | 0 | |t Jak zit a vyhnout se syndromu vyhoreni (29 min., 31 sek.) |
| 505 | 0 | 0 | |t Jak zit a vyhnout se syndromu vyhoreni (14 min., 50 sek.) |
| 505 | 0 | 0 | |t Jak zit a vyhnout se syndromu vyhoreni (18 min., 1 sek.) |
| 505 | 0 | 0 | |t Jak zit a vyhnout se syndromu vyhoreni (15 min., 24 sek.) |
| 505 | 0 | 0 | |t Jak zit a vyhnout se syndromu vyhoreni (2 min., 15 sek.) |
| 505 | 0 | 0 | |t Jak zit a vyhnout se syndromu vyhoreni (18 min., 0 sek.) |
| 505 | 0 | 0 | |t Jak zit a vyhnout se syndromu vyhoreni (12 min., 27 sek.) |
| 505 | 0 | 0 | |t Jak zit a vyhnout se syndromu vyhoreni (2 min., 32 sek.) |
| 910 | |a RBIT002 | ||
| 998 | |d 206666 |a https://core.palmknihy.cz/api/books/206666/cover?sia8su |b https://core.palmknihy.cz/api/books/206666/cover/400?sia8su |c https://core.palmknihy.cz/api/books/206666/cover/50?sia8su |e 2035-12-31 |i 8594050428133 |l 30540 |q 49 |r 1 |s https://www.palmknihy.cz/kniha/206666 |t audiobook |y 2019 |z 0 | ||
| 999 | |d 313030 | ||